Statystyki dla Popularne Gry

Kliknij tutaj aby rozwiązać quiz!

Ogólne statystyki

  • Ten quiz został rozwiązany 636 razy
  • Średni wynik to 6 z 15

Statystyki odpowiedzi

Podpowiedź Odpowiedź % poprawnych
Gra w KlockiMinecraft
94%
LOLLeague of Legends
82%
Podobna do Minecraft'a, z Walutą Zwaną "Robux"Roblox
81%
Też Strzelanka, Z Najpopularniejszymiu Turniejami E-SportowymiCounter Strike: Global Offensive
76%
Piłka Nożna AutamiRocket League
71%
Wydana Przez Rockstar Studio, O Dzikim ZachodzieRed Dead Redemption 2
60%
Popularna Strzelanka od 7 LatFortnite
45%
Wyścigi,Przestępstwa,GangsterstwoGrand Theft Auto 5
43%
Taktyczna Strzelanka Wydana przez UbisoftRainbow Six Siege
30%
Dostepna na Nintendo Gra PrzygodowaThe Legend of Zelda
21%
Gra Ala SC-FI,StrzelankaOverwatch
15%
Gra Strzelanka Podobna do Gry na 2 MiejscuPlayerUnknown's Battlegrounds
10%
Gra o Tematyce MarioSuper Mario Odyssey
5%
Tez Science Fiction Gra o Misjach Solowych,StrzelankaCall of Duty: Black Ops III
1%
Gra o Tematyce MarioSuper Smash Bros: Ultimate
0%

Rozkład punktacji

Percentyl według liczby udzielonych odpowiedzi

Procent ludzi z każdym wynikiem

Twoja historia wyników

Nie rozwiązałeś tego quizu